Statistics for Washington Wizards Roster 2019-20

Click here to take the quiz!

General Stats

  • This quiz has been taken 10 times
  • The average score is 8 of 18

Answer Stats

PositionNumberAnswerNBA2k20 Rating% Correct
SG/SF3Bradley Beal89
100%
PG2John Wall86
100%
PF/SF8Rui Hachimura79
75%
PF42Dāvis Bertāns80
50%
SF/PF17Isaac Bonga72
50%
PG14Ish Smith77
50%
SG/SF12Jerome Robinson70
50%
C/PF21Moritz Wagner78
50%
Head CoachScott Brooks
50%
PG5Shabazz Napier78
50%
C/PF13Thomas Bryant79
50%
SF/SG6Troy Brown Jr.78
50%
SF/SG1Admiral Schofield71
25%
SG24Garrison Mathews72
25%
C28Ian Mahinmi76
25%
C18Anžejs Pasečņiks73
0%
SG/PG20Gary Payton II73
0%
PF/C19Johnathan Williams68
0%

Score Distribution

Percentile by Number Answered

Percent of People with Each Score

Your Score History

You have not taken this quiz